Statistics for Countries that End in R

Click here to take the quiz!

General Stats

  • This quiz has been taken 89,643 times
    (89,136 since last reset)
  • The average score is 4 of 7

Answer Stats

ContinentCountry% Correct
South AmericaEcuador
82%
AfricaNiger
69%
North AmericaEl Salvador
64%
AsiaMyanmar
62%
AsiaQatar
60%
AfricaMadagascar
48%
AsiaEast Timor
44%

Score Distribution

Percentile by Number Answered

Percent of People with Each Score

Your Score History

You have not taken this quiz since the last reset